| 000 | 01410cam a22003131 4500 | ||
|---|---|---|---|
| 001 | gs 24000109 | ||
| 003 | DLC | ||
| 005 | 20260227111328.0 | ||
| 008 | 780915s1921 wiu s000 0 eng c | ||
| 010 | _ags 24000109 | ||
| 035 | _a(OCoLC)4225283 | ||
| 040 |
_aLibrary, U. S. Geological Survey _cAzU _dDLC |
||
| 042 | _apremarc | ||
| 050 | 0 | 0 |
_aQE179 _b.A2 no. 54d |
| 100 | 1 |
_aWhitson, A. R. _q(Andrew R.), _d1870-1945. |
|
| 245 | 1 | 0 |
_aSoil survey of Outagamie County, Wisconsin, _cby A. R. Whitson, W. J. Geib, Martin O. Tosterud, Marion C. Ford and E. J. Graul of the Wisconsin Geological and Natural History Survey, and Horace V. Geib of the U. S. Dept. of Agriculture. Survey conducted in cooperation with the United States Dept. of Agriculture, Bureau of Soils. |
| 260 |
_aMadison, Wis., _bThe State, _c1921. |
||
| 300 |
_a78 p. _bII pl., tables. _c23 cm. |
||
| 490 | 1 |
_aWisconsin. Geological and natural history survey. Bulletin _vno. 54-D. Soil series, no. 26 |
|
| 500 | _aBulletins nos. 54-A, -B, and -C. | ||
| 500 | _aFolded colored map in separate envelope. | ||
| 650 | 0 |
_aSoil surveys _zWisconsin _zOutagamie County. |
|
| 700 | 1 |
_aGeib, W. J. _q(Warren Jacob), _d1880- |
|
| 700 | 1 | _aTosterud, Martin O., | |
| 700 | 1 | _aFord, Marion C., | |
| 700 | 1 | _aGraul, E. J., | |
| 700 | 1 |
_aGeib, Horace V., _d1890- |
|
| 810 | 2 |
_aWisconsin Geological and Natural History Survey. _tBulletin. _vno. 54-D. |
|
| 999 |
_c26312 _d26312 |
||